Flags of Spanish-speaking countries - Statistics

General Stats
  • This quiz has been taken 1,102 times
  • The average score is 17 of 20
Answer Stats
Picture Answer % Correct
Mexico
99%
Spain
98%
Argentina
96%
Chile
90%
Peru
89%
Cuba
88%
Venezuela
88%
Colombia
86%
Ecuador
86%
Costa Rica
82%
Dominican Republic
82%
Panama
82%
Uruguay
82%
Bolivia
80%
El Salvador
80%
Honduras
80%
Paraguay
80%
Nicaragua
77%
Puerto Rico (US territory)
77%
Guatemala
76%
No matching quizzes found
Score Distribution
Percent of People with Each Score
Percentile by Number Answered
Your Score History
You have not taken this quiz